000 00475cam a22001337a 4500
008 180718b1971 xxu||||| |||| 00| 0 eng d
082 _aZ49x54 L658
100 _aLinton, Erica
245 _aFragments of a vision; a journey through India's gramdan villages
_cby Erica Linton
260 _aVaranasi
_bSarva Seva Sangh
_c1971
300 _a271p.
500 _aPublished for the Society for Developing Gramdans, New Delhi; Rs.25.00
650 _aLand reform --India --Case studies
999 _c348048
_d348048